Normal view
MARC view
- Doyle, Arthur Conan,
Entry Personal Name
001 - CONTROL NUMBER
- control field: 11186
003 - CONTROL NUMBER IDENTIFIER
- control field: NUST
005 - DATE AND TIME OF LATEST TRANSACTION
- control field: 20180625045532.0
008 - FIXED-LENGTH DATA ELEMENTS
- fixed length control field: 180625|| aca||aabn | a|a d
040 ## - CATALOGING SOURCE
- Original cataloging agency: NUST
- Transcribing agency: NUST
100 ## - HEADING--PERSONAL NAME
- Personal name: Doyle, Arthur Conan,
- Dates associated with a name: 1859-1930.
670 ## - SOURCE DATA FOUND
- Source citation: Work cat.: (NUST)174605: Doyle, Arthur Conan, 1859-1930., A desert drama,, 1898.
